| 000 | 00985nam a2200265 4500 | ||
|---|---|---|---|
| 005 | 20240530110614.0 | ||
| 008 | 161105s2013 ua a g b 000 0 ara d | ||
| 017 |
_a2013/21512 _bمصر. دار الكتب |
||
| 020 | _a9772329434 | ||
| 040 |
_aEG-CaGPL _cEG-CaGPL |
||
| 082 | 0 | 4 |
_221 _a370.118\ _bم إ |
| 100 | 0 | _aمجدى عزيز ابراهيم . | |
| 245 | 1 | 0 |
_aابداعات التعليم قبل الجامعى : _bتحديات شائكة و تقدم محدود / _cمجدى عزيز ابراهيم . |
| 250 | _aط.1 | ||
| 260 |
_bعالم الكتب ، _c2013 . |
||
| 300 |
_a458 ص ؛ _c24 سم . |
||
| 490 | 0 |
_aسلسلة ابداعات تعليمية تعلمية ؛ _v7 |
|
| 504 | _aببليوجرافية : ص 453 - 458 | ||
| 650 | 0 | 7 |
_2qrmak _aالتعليم المهنى . |
| 650 | 0 | 7 |
_2qrmak _aالتعليم . |
| 650 | 0 | 7 |
_2qrmak _aالاطفال الموهوبون . |
| 651 | _2qrmak | ||
| 942 |
_2ddc _cBK |
||
| 999 |
_c62917 _d62917 |
||